| 000 | 00437nam a2200181Ia 4500 | ||
|---|---|---|---|
| 008 | 170918s9999 xx 000 0 und d | ||
| 020 | _a9780743480475 | ||
| 050 | _bS954my 2006 | ||
| 100 | _aSultan, Masuda | ||
| 245 | _aMy war at home / | ||
| 245 | _cby Masuda Sultan. | ||
| 260 | _aNew York : | ||
| 260 | _bWashington Square Press, | ||
| 260 | _c2006 | ||
| 300 | _a261 pages : | ||
| 300 | _billustrations ; | ||
| 300 | _c21cm. | ||
| 999 |
_c343444 _d343444 |
||